000 00356nam a2200157Ia 4500
008 230524s9999 xx 000 0 und d
082 _a241.644
_bARA
100 _aArasu
245 0 _aTotal Quality Management
250 _a2ND
260 _aHYDERABAD
_c2007
300 _a19.39
500 _aQuantity Number: 2
650 _aManagement
942 _cBK
999 _c49328
_d49328